Detalles MARC
| 000 -LÍDER |
| Campo fijo de descripción fija |
02695nam a2200373 i 4500 |
| 001 - NÚMERO DE CONTROL |
| Campo de control |
768714001 |
| 003 - IDENTIFICADOR DEL NÚMERO DE CONTROL |
| Campo de control |
CO-MdFUSB |
| 005 - FECHA Y HORA DE LA ULTIMA TRANSACCIÓN |
| control field |
20210308100955.0 |
| 007 - CAMPO FIJO DE DESCRIPCIÓN FIJA--INFORMACIÓN GENERAL |
| Campo fijo de descripción fija |
ta |
| 008 - ELEMENTOS DE LONGITUD FIJA -- INFORMACIÓN GENERAL |
| Campo fijo de descripción fija -- Información general |
200602t2010 ck |||| |||| 00| 0 spa d |
| 020 ## - NÚMERO INTERNACIONAL NORMALIZADO PARA LIBROS |
| Número Internacional Normalizado del libro |
9789588613154 |
| 040 ## - FUENTE DE CATALOGACIÓN |
| Agencia de catalogación original |
CO-MdFUSB |
| Idioma de catalogación |
spa |
| Agencia que realiza la transcripción |
CO-MdFUSB |
| Agencia que realiza la modificación |
CO-MdFUSBC |
| Convenciones de la descripción |
rda |
| 041 ## - CÓDIGO DE IDIOMA |
| Código de idioma para texto/pista de sonido o título separado |
spa |
| 082 ## - NÚMERO DE CLASIFICACIÓN DECIMAL DEWEY |
| Número de la edición del Dewey |
23 |
| Número de clasificación |
303.6 |
| Clave de autor-Numero de item |
L925 |
| 245 ## - TÍTULO |
| Título del Material |
Y refundaron la patria-- : |
| Parte restante del título - Subtitulo |
de cómo mafiosos y políticos reconfiguraron el estado colombiano |
| Mención de responsabilidad, etc. |
/ Claudia Nayibe López Hernández ; Ariel Fernando Ávila Martínez ; Corporación Nuevo Arco Iris ... [ y otros cuatro] |
| 264 #1 - PRODUCCIÓN, PUBLICACIÓN, DISTRIBUCIÓN, MANUFACTURA, Y COPYRIGHT |
| Lugar de producción, publicación, distribución, manufactura |
Bogotá : |
| Nombre del productor, publicador, distribuidor |
Debate, |
| Fecha de producción, publicación, distribución, manufactura, o copyright |
[2010] |
| 264 #4 - PRODUCCIÓN, PUBLICACIÓN, DISTRIBUCIÓN, MANUFACTURA, Y COPYRIGHT |
| Fecha de producción, publicación, distribución, manufactura, o copyright |
© 2010 |
| 300 ## - DESCRIPCIÓN FÍSICA |
| Extensión |
524 páginas |
| Otros detalles físicos |
ilustraciones |
| Dimensiones |
; 24 cm |
| Material acompañante |
Incluye CD |
| 336 ## - TIPO DE CONTENIDO |
| Fuente |
rdacontent |
| Término de tipo de contenido |
texto |
| Código de tipo de contenido |
txt |
| 337 ## - TIPO DE MEDIO |
| Fuente |
rdamedia |
| Nombre del tipo de medio |
sin mediación |
| Código del tipo de medio |
n |
| 338 ## - TIPO DE SOPORTE |
| Fuente |
rdacarrier |
| Nombre del tipo de soporte |
volumen |
| Código Tipo de soporte |
nc |
| 505 ## - NOTA DE CONTENIDO |
| Nota de contenido con formato preestablecido |
"La refundación de la patria," de la teoría a la evidencia / por Claudia López Hernández -- Injerencia política de los grupos armados ilegales / por Ariel Fernando Ávila Martínez -- Redes de poder en Casanare y la costa atlántica / por Luis Jorge Garay Salamanca, Eduardo Salcedo Albarán, Isaac de León Beltrán -- Confluencia de los poderes legislativos y ejecutivo en la reconfiguración del estado -- ¿Hubo una bancada parapolítica? / por Elisabeth Ungar y Juan Felipe Cardona --<br/>La ley de justicia y paz, ¿una iniciativa para reducir la exposición penal de narcotraficantes y paramilitares? : contenido y trámite legislativo / Elisabeth Ungar y Juan Felipe Cardona -- Impacto constitucional e institucional / Mauricio García Villegas, Javier Revelo y Rodrigo Uprimny -- Leyes de economía agraria, ¿intentos para legalizar el despojo? : contenido y trámite legislativo / por Elisabeth Ungar y Juan Felipe Cardona -- Impacto constitucional e institucional / por Mauricio García Villegas, Javier Revelo y Rodrigo Uprimny -- Reformas políticas y reelección : ¿la legitimación de la parapolítica? : contenido y trámite legislativo / por Elisabeth Ungar y Juan Felipe Cardona -- Impacto constitucional e institucional / por Mauricio García Villegas, Javier Revelo y Rodrigo Uprimny -- Procesos de captura y resistencia en la rama judicial / por Maurico García Villegas y Javier Revelo Rebolledo. |
| 563 ## - NOTA DE ENCUADERNACIÓN |
| Nota de encuadernación |
Rústico |
| 653 ## - TÉRMINO DE INDIZACIÓN - NO CONTROLADO |
| Término no controlado |
política y violencia |
| 700 ## - ASIENTO SECUNDARIO - NOMBRE PERSONAL |
| 9 (RLIN) |
4101 |
| Nombre personal |
Ávila Martínez, Ariel Fernando, |
| 700 ## - ASIENTO SECUNDARIO - NOMBRE PERSONAL |
| 9 (RLIN) |
4099 |
| Nombre personal |
López Hernández, Claudia Nayibe, |
| Responsabilidad |
editor y coordinador |
| 710 ## - ASIENTO SECUNDARIO - NOMBRE CORPORATIVO |
| 9 (RLIN) |
4102 |
| Nombre corporativo o de jurisdicción como elemento de entrada |
Corporación Nuevo Arco Iris. |
| 710 ## - ASIENTO SECUNDARIO - NOMBRE CORPORATIVO |
| 9 (RLIN) |
5001 |
| Nombre corporativo o de jurisdicción como elemento de entrada |
Grupo Método |
| 710 ## - ASIENTO SECUNDARIO - NOMBRE CORPORATIVO |
| 9 (RLIN) |
5002 |
| Nombre corporativo o de jurisdicción como elemento de entrada |
Congreso Visible |
| 710 ## - ASIENTO SECUNDARIO - NOMBRE CORPORATIVO |
| 9 (RLIN) |
5003 |
| Nombre corporativo o de jurisdicción como elemento de entrada |
Dejusticia |
| 710 ## - ASIENTO SECUNDARIO - NOMBRE CORPORATIVO |
| 9 (RLIN) |
5004 |
| Nombre corporativo o de jurisdicción como elemento de entrada |
MOE |
| 942 ## - TIPO DE MATERIAL (KOHA) |
| Tipo de Item KOHA |
Libros General |
| 945 ## - INFORMACIÓN LOCAL DEL REGISTRO |
| Catalogador |
JTF-925 |